<?xml version="1.0" encoding="UTF-8"?>
<record
    xmlns:xsi="http://www.w3.org/2001/XMLSchema-instance"
    xsi:schemaLocation="http://www.loc.gov/MARC21/slim http://www.loc.gov/standards/marcxml/schema/MARC21slim.xsd"
    xmlns="http://www.loc.gov/MARC21/slim">

  <leader>00980nam a22001577a 4500</leader>
  <controlfield tag="005">20231220132331.0</controlfield>
  <controlfield tag="008">231220b        |||||||| |||| 00| 0 eng d</controlfield>
  <datafield tag="027" ind1=" " ind2=" ">
    <subfield code="a">&#xDC0;&#xDCF;&#xDBB;&#xDCA; &#xDAD;&#xDCF; &#xD85;&#xD82;&#xD9A; 38</subfield>
  </datafield>
  <datafield tag="082" ind1=" " ind2=" ">
    <subfield code="a">338.6</subfield>
    <subfield code="b">KAN</subfield>
  </datafield>
  <datafield tag="245" ind1=" " ind2=" ">
    <subfield code="a">&#xD9A;&#xDCF;&#xDB1;&#xDCA;&#xDAD;&#xDCF; &#xDC0;&#xDCA;&#x200D;&#xDBA;&#xDC0;&#xDC3;&#xDCF;&#xDBA;&#xD9A;&#xDBA;&#xDB1;&#xDCA; :</subfield>
    <subfield code="b">(&#xD9A;&#xDCF;&#xDB1;&#xDCA;&#xDAD;&#xDCF; &#xD9A;&#xDAB;&#xDCA;&#xDA9;&#xDCF;&#xDBA;&#xDB8;&#xDCA; &#xDAD;&#xDD4;&#xDC5; &#xDC0;&#xDCA;&#x200D;&#xDBA;&#xDC0;&#xDC3;&#xDCF;&#xDBA;&#xD9A;&#xDBA;&#xDB1;&#xDCA;&#xD9C;&#xDDA; &#xDAF;&#xD9A;&#xDCA;&#xDC2;&#xDAD;&#xDCF; &#xDC0;&#xDBB;&#xDCA; &#xDB0;&#xDB1;&#xDBA; &#xD9A;&#xDD3;&#xDBB;&#xDD3;&#xDB8;&#xDDA; &#xDC0;&#xDD0;&#xDA9;&#xDB8;&#xDD4;&#xDC5;&#xDD4;) (3 &#xD9A;&#xDDC;&#xDA7;&#xDC3;)</subfield>
  </datafield>
  <datafield tag="246" ind1=" " ind2=" ">
    <subfield code="a">Kantha wyawasayakayan : (Kantha kandayam thula wyawasayakayange dakshatha wardhanaya kirime wadamulu) (3 kotasa)</subfield>
  </datafield>
  <datafield tag="260" ind1=" " ind2=" ">
    <subfield code="a">&#xD9A;&#xDDC;&#xDC5;&#xDB9; : </subfield>
    <subfield code="b">&#xDC3;&#xDD9;&#xDB1;&#xDCA;&#xDC0;&#xDDD;&#xDBB;&#xDCA; &#xD9A;&#xDCF;&#xDB1;&#xDCA;&#xDAD;&#xDCF; &#xDB4;&#xDBB;&#xDCA; &#xDBA;&#xDDA;&#xDC2;&#xDAB; &#xD9A;&#xDDA;&#xDB1;&#xDCA;&#xDAF;&#xDCA;&#x200D;&#xDBB;&#xDBA;,</subfield>
    <subfield code="c">1992</subfield>
  </datafield>
  <datafield tag="500" ind1=" " ind2=" ">
    <subfield code="a">1992 &#xD94;&#xD9A;&#xDCA;&#xDAD;&#xDDD;&#xDB6;&#xDBB;&#xDCA; &#xDB8;&#xDC3; 11 &#xDC3;&#xDC4; 12 &#xDB4;&#xDD0;&#xDC0;&#xDAD;&#xDCA;&#xDC0;&#xDD6; &#xDC0;&#xDD0;&#xDA9;&#xDB8;&#xDD4;&#xDC5;&#xDD4;&#xDC0;&#xDDA; &#xDC0;&#xDCF;&#xDBB;&#xDCA; &#xDAD;&#xDCF;&#xDC0; </subfield>
  </datafield>
  <datafield tag="650" ind1=" " ind2=" ">
    <subfield code="a">&#xD9A;&#xDCF;&#xDB1;&#xDCA;&#xDAD;&#xDCF; &#xDC0;&#xDCA;&#x200D;&#xDBA;&#xDC0;&#xDC3;&#xDCF;&#xDBA;&#xD9A;&#xDAD;&#xDCA;&#xDC0;&#xDBA;</subfield>
  </datafield>
  <datafield tag="942" ind1=" " ind2=" ">
    <subfield code="c">BK</subfield>
  </datafield>
  <datafield tag="952" ind1=" " ind2=" ">
    <subfield code="0">0</subfield>
    <subfield code="1">0</subfield>
    <subfield code="2">ddc</subfield>
    <subfield code="4">0</subfield>
    <subfield code="7">0</subfield>
    <subfield code="a">MAIN</subfield>
    <subfield code="b">MAIN</subfield>
    <subfield code="d">2023-12-20</subfield>
    <subfield code="l">0</subfield>
    <subfield code="o">338.6 KAN</subfield>
    <subfield code="p">RAF4504</subfield>
    <subfield code="r">2023-12-20</subfield>
    <subfield code="w">2023-12-20</subfield>
    <subfield code="y">RP</subfield>
  </datafield>
  <datafield tag="999" ind1=" " ind2=" ">
    <subfield code="c">4542</subfield>
    <subfield code="d">4542</subfield>
  </datafield>
</record>
